| 000 | 01124cab a22002055a 4500 | ||
|---|---|---|---|
| 001 | L150639 | ||
| 008 | 100805e20100730xxk 000 0 eng d | ||
| 035 | _a(Sirsi) u150639 | ||
| 041 | 0 | _aeng | |
| 100 | 1 | _aChesters, Laura | |
| 245 | 0 | 0 | _aWhere is the best place to go bust? |
| 260 | _c2010 | ||
| 490 | 0 |
_aProperty Week _v76(30) 30 July 2010, 16-17(2) |
|
| 520 | _aCompares insolvency regimes in the United States and the UK, France, Germany, Italy, Luxembourg, the Netherlands and Sweden. International variations in insolvency law have lead to forum shopping, the process of moving the jurisdiction of a company to a country deemed to be more favourable for administration, based on being able to prove the location of the company's centre of best interest. Ironically the European Union Insolvency Regulation 2002 which sought to make insolvency regimes across Europe more uniform has encouraged more forum shopping than any other piece of legislation. | ||
| 590 | _aKA | ||
| 650 | 2 | 4 | _aEUROPEAN UNION INSOLVENCY REGULATION 2002 |
| 651 | 4 | _aInternational | |
| 690 | _aMANAGEMENT-CORPORATE RECOVERY | ||
| 942 | _n0 | ||
| 999 |
_c82585 _d82585 |
||